Statistiques concernant Réécrire les pays en 60 sec. Difficile

Cliquez ici pour prendre le quiz!

Statistiques générales

  • Ce quiz a été pris 300 fois
  • Le résultat moyen est 13 sur 15

Statistiques - réponses

PaysÀ Réécrire% Correct
Corée du NordCorée du Nord
99%
AngleterreAngleterre
98%
AfghanistanAfghanistan
97%
OuzbékistanOuzbekistan
97%
AzerbaïdjanAzerbaïdjan
96%
République TchèqueRépublique Tchèque
95%
LiechtensteinLiechtenstein
92%
Nouvelle-ZélandeNouvelle-Zélande
90%
République DominicaineRépublique Dominicaine
89%
EswatiniEswatini
88%
ThaïlandeThaïlande
86%
BulgarieBulgarie
85%
Bosnie-HerzégovineBosnie-Herzégovine
83%
Afrique du SudAfrique du Sud
68%
KirghizstanKirghizstan
60%

Distribution des résultats

Percentile par nombre de réponses

% des personnes avec chaque résultat

Votre développement - résultats

Vous n’avez pas pris ce quiz